000 00639nam a2200217 i 4500
001 C2-0314458
003 PPAK
005 20180728110134.0
008 120111s1957 my a|||| ||||| | may d
040 _aPPAK
_beng
_cPPAK
_erda
082 0 4 _a499.2305
_223
090 0 0 _a499.2305
_bDEW
_dKK
245 0 0 _aDewan Bahasa
_bmendukong chita-chita bahasa jiwa bangsa
264 1 _aKuala Lumpur :
_bDewan Bahasa dan Pustaka ,
_c1957
300 _a[71 - 116 pages] :
_billustrations ;
_c23 cm.
336 _2rdacontent
_atext
337 _2rdamedia
_aunmediated
338 _2rdacarrier
_avolume
500 _aMajalah Bulanan
942 _ddc
_cB
999 _c115871
_d115871